| 000 | 01189nam a2200241 a 4500 | ||
|---|---|---|---|
| 008 | 120416s1990 ||||||||||||||||| || u | ||
| 020 | _a0566070189 | ||
| 050 | _aHD 596 Rur | ||
| 100 | _aBuller, Henry | ||
| 245 | 1 | 0 |
_aRural development _cedited by Henry Buller |
| 246 | _aproblems and practices | ||
| 260 |
_aAldershot _bAvebury _c1990 |
||
| 300 | _avii, 249p. : ill. | ||
| 350 | _a0.00 | ||
| 500 | _aIncludes bibliographical references. | ||
| 650 | _aLAND | ||
| 650 | _aRURAL DEVELOPMENT--GREAT BRITAIN | ||
| 700 | _aWright, Susan, B.A | ||
| 995 |
_aANNEX COLLECTION (Main Library) _D0.00 _e724959 _FCBU-MAIN LIBRARY (Kitwe) _H1 _I35.00 _jHD 596 Rur _M3 _UAVAILABLE _y004750 _ZAnnex Low-Usage Collection |
||
| 995 |
_aMAIN LIBRARY OPEN ACCESS _D0.00 _e724957 _FCBU-MAIN LIBRARY (Kitwe) _H4 _I35.00 _jHD 596 Rur _M4 _UAVAILABLE _y004751 _ZMain Library Open Access Collection |
||
| 995 |
_aANNEX COLLECTION (Main Library) _D0.00 _e724956 _FCBU-MAIN LIBRARY (Kitwe) _H3 _I35.00 _jHD 596 Rur _M1 _UAVAILABLE _y004748 _ZAnnex Low-Usage Collection |
||
| 995 |
_aMAIN LIBRARY OPEN ACCESS _D0.00 _e724958 _FCBU-MAIN LIBRARY (Kitwe) _H2 _I35.00 _jHD 596 Rur _M2 _UAVAILABLE _y004749 _ZMain Library Open Access Collection |
||
| 999 |
_c80276 _d80276 |
||